Представление документа в формате RUSMARC

ПолеНазваниеЗначение
  Тип записи a
  Библиографический уровень a
001 Контрольный номер RU/УОНБ/EK_Kray/396540590
005 Дата корректировки 20240131004835.5
100 Данные общей обработки __
a Данные общей обработки 20120725d2012 ||| 0rusy0189 ca
101 Язык документа 0_
a Язык текста rus
102 Страна публикации __
a Страна публикации RU
105 Кодированные данные (монография) __
a Кодированные данные (монография) y###||||000|y
200 Заглавие и сведения об ответственности 1_
a Заглавие Тихий свет
e Сведения, относящиеся к заглавию стихи
f Первые сведения об ответственности Петр Мельников
225 Серия 1_
a Серия К 80-летию писателя
327 Примечание о содержании 11
a Примечание о содержании О себе
327 Примечание о содержании 11
a Примечание о содержании Любимая, прости за ожиданье!..
327 Примечание о содержании 11
a Примечание о содержании И дышится как-будто по-иному...
327 Примечание о содержании 11
a Примечание о содержании Здесь Лермонтов убит
327 Примечание о содержании 11
a Примечание о содержании Ночлег
327 Примечание о содержании 11
a Примечание о содержании Зеленые острова
327 Примечание о содержании 11
a Примечание о содержании Всегда есть занятье на свете...
327 Примечание о содержании 11
a Примечание о содержании Март
327 Примечание о содержании 11
a Примечание о содержании Север
327 Примечание о содержании 11
a Примечание о содержании На хуторе
327 Примечание о содержании 11
a Примечание о содержании В День Победы
327 Примечание о содержании 11
a Примечание о содержании Три сестры
327 Примечание о содержании 11
a Примечание о содержании Бурундук
327 Примечание о содержании 11
a Примечание о содержании Шатун
327 Примечание о содержании 11
a Примечание о содержании На вершине холма
327 Примечание о содержании 11
a Примечание о содержании Пришла пора твоих воспоминаний...
327 Примечание о содержании 11
a Примечание о содержании Балкон
327 Примечание о содержании 11
a Примечание о содержании На дикой земле, под ее небесами...
327 Примечание о содержании 11
a Примечание о содержании Поезд засвистел на перегоне...
327 Примечание о содержании 11
a Примечание о содержании Что-то в мире стряслось в самом деле...
327 Примечание о содержании 11
a Примечание о содержании Белый гриб
327 Примечание о содержании 11
a Примечание о содержании Теткин дом
461 Уровень набора _0
1 2000
a Литературный Ульяновск
1 011
463 Уровень физической единицы _0
1 001RU/УОНБ/EK_Kray/395339130
1 2000
a № 3/4 (9/10)
v С. 81-95
1 210
d 2008
610 Ключевые слова 0_
a Ключевые слова стихи
686 Индексы других классификаций __
a Классификационный индекс 84-5
2 Код системы rubbk
700 Автор _1
a Фамилия Мельников
b Имя (инициалы) П.
g Полное личное имя Петр
4 Код отношения 070
801 Источник записи _0
a Страна RU
b Организация Ульяновская ОНБ
c Дата составления 20120725
g Правила каталогизации RCR
801 Источник записи _1
a Страна RU
b Организация Ульяновская ОНБ
c Дата составления 20120725
g Правила каталогизации RCR
856 Электронный адрес документа __
u Универсальный указатель ресурса (URL) http://simlib.ru/handle/123456789/1688
900 Электронные ресурсы __
a Имя электронного ресурса 2008_3_4
901 Тип документа __
t Тип документа b
w Контрольный № источника RU/УОНБ/EK_Kray/395339130
909 Создатель записи __
a Создатель записи Деричева
938 Служебная информация __
a Имя БД kraeved_work
b Имя библиотеки УОНБ
c Имя АИБС МАРК-SQL
d Номер DOC_ID в БД 89658